000 00570nam a22001697a 4500
008 140205b xxu||||| |||| 00| 0 alb d
020 _a9992703148
080 _a07. 001.7
100 1 _aBoriçi, Hamit
245 1 0 _aGazetaria 2 :
_cHamit Boriçi.
250 _aRibotim
260 _bShtëpia Botuese e Librit Universitar
_c2004.
_aTiranë :
300 _a328 f. ;
_c23 cm
500 _aNë vend të parathënies / Dritëro Agolli : f. [3]-4
650 _aGazetaria
_xTekste universitare
942 _2udc
_cBK
999 _c393
_d393